000 00351 a2200157 4500
001 62634
020 _a
040 _cAnchieta - Pituba
100 _aOliveira, Matheus Celestino Santiago De
240 1 0 _aAs sagas de Marcos
_lpor
245 1 0 _aAs sagas de Marcos
300 _a124
362 0 _a2014
650 4 _aLiteratura juvenil
942 _cBK
999 _c62634
_d62634